| 000 | 00841nam a22002057a 4500 | ||
|---|---|---|---|
| 003 | DO-CoUTE | ||
| 005 | 20260518134434.0 | ||
| 008 | 260518b dr ||||| |||| 00| 0 spa d | ||
| 020 | _a9789945629255 | ||
| 040 |
_aDO-CoUTE _bspa _cDO-CoUTE |
||
| 082 | _aRD 330.97293N964 | ||
| 110 | 1 |
_aColección del Banco Central de la republica Dominicana _eAutor |
|
| 245 | 1 | 0 |
_aNueva Literatura economica Dominicana : _bPremios del concurso de economía Bibliotecas " Juan Pablo Duarte " 2021 / _cColección del Banco Central de la republica Dominicana |
| 260 |
_aSanto Domingo ; _bBanco central de la Republica Dominicana, _c2021 |
||
| 300 |
_a205 Hojas : _c22 |
||
| 504 | _aIncluye referencia bibliográfica e índice. | ||
| 650 | 4 | _aInvestigación | |
| 710 | 1 |
_aColección de Banco Central de la Republica _eAutor |
|
| 942 |
_2ddc _cBK |
||
| 999 |
_c24196 _d24196 |
||